Physics

সংরক্ষণ করুন:
গ্রন্থ-পঞ্জীর বিবরন
প্রধান লেখক: Killen, Arthur H.
বিন্যাস: গ্রন্থ
ভাষা:Undetermined
প্রকাশিত: New York Oxford Book Company 1935
বিষয়গুলি:
ট্যাগগুলো: ট্যাগ যুক্ত করুন
কোনো ট্যাগ নেই, প্রথমজন হিসাবে ট্যাগ করুন!
Thư viện lưu trữ: Trung tâm Học liệu Trường Đại học Cần Thơ
LEADER 00451nam a2200181Ia 4500
001 CTU_81547
008 210402s9999 xx 000 0 und d
082 |a 530 
082 |b K48 
100 |a Killen, Arthur H. 
245 0 |a Physics 
245 0 |c Arthur H. Killen 
260 |a New York 
260 |b Oxford Book Company 
260 |c 1935 
650 |a Physics 
904 |i Trọng Hải 
980 |a Trung tâm Học liệu Trường Đại học Cần Thơ